书目信息 |
| 题名: |
面板坝大型振动台模型试验与动力分析
|
|
| 作者: | 刘小生 , 王钟宁 , 汪小刚 , 赵剑民 , 刘启旺 著 | |
| 分册: | ||
| 出版信息: | 北京 中国水利水电出版社 2005.05 |
|
| 页数: | 230页 | |
| 开本: | 26cm | |
| 丛书名: | ||
| 单 册: | ||
| 中图分类: | TV641.4 | |
| 科图分类: | ||
| 主题词: | 混凝土板堆石坝--hun ning tu ban dui shi ba--振动试验台--模型试验 | |
| 电子资源: | ||
| ISBN: | 7-5084-0533-1 | |
| 000 | 01194nam0 2200277 450 | |
| 001 | 012008321968 | |
| 005 | 20080320163215.34 | |
| 010 | @a7-5084-0533-1@dCNY35.00 | |
| 100 | @a20080320d2005 km y0chiy0120 ea | |
| 101 | 0 | @achi |
| 102 | @aCN@b110000 | |
| 105 | @aa z 000yy | |
| 106 | @ar | |
| 200 | 1 | @a面板坝大型振动台模型试验与动力分析@Amian ban ba da xing zhen dong tai mo xing shi yan yu dong li fen xi@f刘小生等著@Fliu xiao sheng deng zhu |
| 210 | @a北京@c中国水利水电出版社@c知识产权出版社@d2005.05 | |
| 215 | @a230页@c图@d26cm | |
| 330 | @a本书探索建立了面板坝振动台模型试验相似律、试验方法及测试技术;利用大型三向模拟地震振动台进行了面板坝模型试验,得到了模型坝的动态特性及各项地震反应性状,为改进和验证面板坝地震动力反应分析方法提供基本资料;开发了三维等效线性及非线性地震动力反应分析方法。 | |
| 606 | 0 | @a混凝土板堆石坝@Ahun ning tu ban dui shi ba@x振动试验台@x模型试验 |
| 690 | @aTV641.4@v4 | |
| 701 | 0 | @a刘小生@Aliu xiao sheng@4著 |
| 701 | 0 | @a王钟宁@Awang zhong ning@4著 |
| 701 | 0 | @a汪小刚@Awang xiao gang@4著 |
| 701 | 0 | @a赵剑民@Azhao jian min@4著 |
| 701 | 0 | @a刘启旺@Aliu qi wang@4著 |
| 801 | 0 | @aCN@bQSSK@c20080320 |
| 905 | @b20289009-11@dTV641.4@eL696@f3 | |
| 面板坝大型振动台模型试验与动力分析/刘小生等著.-北京:中国水利水电出版社:知识产权出版社,2005.05 |
| 230页:图;26cm |
| ISBN 7-5084-0533-1:CNY35.00 |
| 本书探索建立了面板坝振动台模型试验相似律、试验方法及测试技术;利用大型三向模拟地震振动台进行了面板坝模型试验,得到了模型坝的动态特性及各项地震反应性状,为改进和验证面板坝地震动力反应分析方法提供基本资料;开发了三维等效线性及非线性地震动力反应分析方法。 |
| ● |
| 相关链接 |
|
|
|
正题名:面板坝大型振动台模型试验与动力分析
索取号:TV641.4/L696
 
预约/预借
| 序号 | 登录号 | 条形码 | 馆藏地/架位号 | 状态 | 备注 |
| 1 | 289009 | 202890096 | 自科库501/501自科库 48排2列4层/ [索取号:TV641.4/L696] | 在馆 | |
| 2 | 289010 | 202890103 | 自科二线400A/400A自科库 25排3列2层/ [索取号:TV641.4/L696] | 在馆 | |
| 3 | 289011 | 202890112 | 自科库501/501自科库 48排2列4层/ [索取号:TV641.4/L696] | 在馆 |